Statistics for The Top 100 Best Dart Players By Value

Click here to take the quiz!

General Stats

  • This quiz has been taken 9 times
  • The average score is 23 of 100

Answer Stats

#Answer% Correct
3Peter Wright
89%
24Adrian Lewis
78%
2Michael Van Gerwen
78%
19Simon Whitlock
78%
8Gary Anderson
67%
1Gerwyn Price
67%
20Mervyn King
67%
7James Wade
56%
9Michael Smith
56%
4Rob Cross
56%
11Daryl Gurney
44%
10Dimitri Van Den Bergh
44%
32Dirk Van Duijvenbode
44%
38Kim Huybrechts
44%
60Kyle Anderson
44%
28Vincent Van Der Voort
44%
34Brendan Dolan
33%
23Chris Dobey
33%
43Darius Labanauskas
33%
6Dave Chisnall
33%
29Gabriel Clemens
33%
13Glen Durrant
33%
56Jelle Klaasen
33%
15Jose De Sousa
33%
17Stephen Bunting
33%
33Steve Beaton
33%
59Adam Hunt
22%
86Andy Hamilton
22%
61Cristo Reyes
22%
52Damon Heta
22%
25Danny Noppert
22%
31Devon Petersen
22%
57Harry Ward
22%
12Ian White
22%
78Jamie Lewis
22%
63Jason Lowe
22%
22Jeffrey De Zwaan
22%
26Jermaine Wattimena
22%
16Joe Cullen
22%
18Jonny Clayton
22%
49Justin Pipe
22%
81Karel Sedlacek
22%
14Krzysztof Ratajski
22%
42Luke Humphries
22%
48Luke Woodhouse
22%
53Madars Razma
22%
66Maik Kuivenhoven
22%
65Mark McGeeney
22%
67Martin Schindler
22%
58Matthew Edgar
22%
39Max Hopp
22%
21Mensur Suljovic
22%
79Niels Zonneveld
22%
73Robert Thornton
22%
44Ryan Joyce
22%
76Ryan Murray
22%
37Ryan Searle
22%
75Scott Waites
22%
47Steve Lennon
22%
62Ted Evetts
22%
100Toni Alcinas
22%
36William O'Connor
22%
51Andy Boulton
11%
94Boris Krcmar
11%
68Callan Rydz
11%
99Christian Bunse
11%
46Darren Webster
11%
64James Wilson
11%
77Jeff Smith
11%
97Keane Barry
11%
35Keegan Brown
11%
98Lisa Ashton
11%
74Martijn Kleermaker
11%
54Mickey Mansell
11%
89Mike De Decker
11%
5Nathan Aspinall
11%
50Ron Meulenkamp
11%
71Rowby-John Rodriguez
11%
96Ryan Meikle
11%
82Scott Baker
11%
72Simon Stevenson
11%
45Steve West
11%
80Wayne Jones
11%
70Benito Van De Pas
0%
91Conan Whitehead
0%
83Derk Telnekes
0%
85Gavin Carlin
0%
90Geert Nentjes
0%
27Jamie Hughes
0%
69Jan Dekker
0%
87Joe Murnan
0%
40John Hnederson
0%
55Josh Payne
0%
93Kirk Shepherd
0%
84Marko Kantele
0%
88Nick Kenny
0%
95Nico Kurz
0%
92Richard North
0%
30Ricky Evans
0%
41Ross Smith
0%

Score Distribution

Percentile by Number Answered

Percent of People with Each Score

Your Score History

You have not taken this quiz